Conceptualización y aspectos legales en la clasificación del patrimonio cultural e histórico en Chile /

A continuación se presenta el material recopilado, analizado y discutido para enmarcar conceptualmente el alcance y significado del patrimonio cultural para la sociedad y la legislación chilena, en sus diferentes expresiones. En este artículo se incluye la revisión de los aspectos legales relacionad...

Full description

Bibliographic Details
Main Author: Martínez, P.
Other Authors: Torrejón, F., Muñoz, D.
Format: Analitica de revista
Language:Spanish
Published: Santiago, Chile Pontificia Universidad Católica de Chile 1999

MARC

LEADER 00000cab a2200000 a 4500
001 040716
003 UAHC_CL
005 20170803124503.0
008 051006b xx j 000 1 spa
040 |a UAHC_CL  |c UAHC_CL  |d UAHC_CL 
100 1 |a Martínez, P. 
245 1 0 |a Conceptualización y aspectos legales en la clasificación del patrimonio cultural e histórico en Chile /  |c P. Martínez, F. Torrejón, D. Muñoz. 
260 |b Pontificia Universidad Católica de Chile  |c 1999  |a Santiago, Chile 
300 |a pp. 135-139 
500 |a En: Revista de geografía norte grande, n˚26, 1999. pp.135-139. ISSN 0379-8682 
500 |a En: Revista de geografía norte grande, n°26, 1999. pp.135-139. ISSN 0379-8682 
500 |a En: Revista de geografÌa norte grande, nç26, 1999. pp.135-139. ISSN 0379-8682 
520 |a A continuación se presenta el material recopilado, analizado y discutido para enmarcar conceptualmente el alcance y significado del patrimonio cultural para la sociedad y la legislación chilena, en sus diferentes expresiones. En este artículo se incluye la revisión de los aspectos legales relacionados con el patrimonio cultural a nivel nacional y fue realizado como un item importante para el desarrollo del proyecto Fondecyt N˚ 1951220. 
520 |a A continuación se presenta el material recopilado, analizado y discutido para enmarcar conceptualmente el alcance y significado del patrimonio cultural para la sociedad y la legislación chilena, en sus diferentes expresiones. En este artículo se incluye la revisión de los aspectos legales relacionados con el patrimonio cultural a nivel nacional y fue realizado como un item importante para el desarrollo del proyecto Fondecyt N° 1951220. 
520 |a A continuaciÛn se presenta el material recopilado, analizado y discutido para enmarcar conceptualmente el alcance y significado del patrimonio cultural para la sociedad y la legislaciÛn chilena, en sus diferentes expresiones. En este artÌculo se incluye la revisiÛn de los aspectos legales relacionados con el patrimonio cultural a nivel nacional y fue realizado como un item importante para el desarrollo del proyecto Fondecyt Nç 1951220. 
700 1 |a Torrejón, F. 
700 1 |a Muñoz, D. 
700 1 |a Torrejón, F. 
700 1 |a Muñoz, D. 
759 |a PP115 
773 0 |t Revista de geografía norte grande  |w 040513 
900 |a REV. GEOGR. NORTE GD.-26/99 
942 |c REVA 
952 |0 0  |1 0  |4 0  |6 REV___GEOGR__NORTE_GD_26_99_000000000000000  |7 0  |8 General  |9 76481  |a BC  |b BC  |c General  |d 2017-08-03  |l 0  |o REV. GEOGR. NORTE GD.-26/99  |p FICTICIO6271  |r 2019-01-08 00:00:00  |t 1  |w 2017-08-03  |y REVA 
999 |c 40716  |d 40716